Artificial Intelligence In Commercial Aviation : Use Cases And Emerging Strategies (Record no. 43493)
[ view plain ]
| 000 -LEADER | |
|---|---|
| fixed length control field | 02731cam a22003618i 4500 |
| 001 - CONTROL NUMBER | |
| control field | 22935459 |
| 005 - DATE AND TIME OF LATEST TRANSACTION | |
| control field | 20250401123008.0 |
| 008 - FIXED-LENGTH DATA ELEMENTS--GENERAL INFORMATION | |
| fixed length control field | 230120s2023 enk b 001 0 eng |
| 010 ## - LIBRARY OF CONGRESS CONTROL NUMBER | |
| LC control number | 2022061432 |
| 020 ## - INTERNATIONAL STANDARD BOOK NUMBER | |
| International Standard Book Number | 9780367893620 |
| 020 ## - INTERNATIONAL STANDARD BOOK NUMBER | |
| International Standard Book Number | 9781032520841 |
| 020 ## - INTERNATIONAL STANDARD BOOK NUMBER | |
| Canceled/invalid ISBN | 9781003018810 |
| 041 ## - LANGUAGE CODE | |
| Language code of text/sound track or separate title | eng |
| 042 ## - AUTHENTICATION CODE | |
| Authentication code | pcc |
| 082 00 - DEWEY DECIMAL CLASSIFICATION NUMBER | |
| Classification number | 387.70 PIL |
| 100 1# - MAIN ENTRY--PERSONAL NAME | |
| Author | Pilon, Ricardo V., |
| 245 10 - TITLE STATEMENT | |
| Title | Artificial Intelligence In Commercial Aviation : Use Cases And Emerging Strategies |
| 260 ## - PUBLICATION, DISTRIBUTION, ETC. | |
| Place | London |
| Publisher | Routledge |
| Publication Year | 2024 |
| 300 ## - PHYSICAL DESCRIPTION | |
| Extent | 245;. pages: 23 cm |
| 504 ## - BIBLIOGRAPHY, ETC. NOTE | |
| Bibliography, etc. note | Includes bibliographical references and index. |
| 520 ## - SUMMARY, ETC. | |
| Summary, etc. | "This book is a must read for aviation managers and all stakeholders that are interested in improving the business performance of airlines. In this book, the first of its kind on AI in Commercial Aviation, the author outlines how Machine Learning and AI are accelerating and improving the performance of airlines. Moreover, the author shares insights into many new use cases that emerging technology can deliver. He tackles all crucial functions from air navigation, flight operations, to sales, distribution, cargo, retailing and commercial optimization. He then looks forward to blockchain and the metaverse and its opportunities. With connected devices and the Internet of Everything (IoE), airlines can become retailers, sell, deliver and service holistic experiences tailored to individuals in real time. This requires airlines to modernize processes and practices supported by decision intelligence (AI) that ingests sophisticated insights and executes service automation in real time. Transforming airlines from a production to a services-based execution also requires departments to be aligned along overriding customer experience and profitability goals. The book demonstrates how AI can be deployed to redesign airline organization as well. The author also describes the next wave of business transformation around the integration of commercial functions using Composite AI at enterprise level. With his holistic understanding and experience in the airline industry, the author provides valuable insights and helps managers understand how to embrace ML and AI and contribute to future commercial aviation and cargo success"-- |
| 650 #0 - SUBJECT ADDED ENTRY--TOPICAL TERM | |
| Subject | Aeronautics, Commercial |
| 650 #0 - SUBJECT ADDED ENTRY--TOPICAL TERM | |
| Subject | Aeronautics, Commercial |
| 650 #0 - SUBJECT ADDED ENTRY--TOPICAL TERM | |
| Subject | Artificial intelligence. |
| 942 ## - ADDED ENTRY ELEMENTS (KOHA) | |
| Koha item type | Books |
| 263 ## - PROJECTED PUBLICATION DATE | |
| Projected publication date | 2306 |
| 264 #1 - PRODUCTION, PUBLICATION, DISTRIBUTION, MANUFACTURE, AND COPYRIGHT NOTICE | |
| Place of production, publication, distribution, manufacture | Abingdon, Oxon ; |
| -- | New York, NY : |
| Name of producer, publisher, distributor, manufacturer | Routledge, |
| Date of production, publication, distribution, manufacture, or copyright notice | 2023. |
| 336 ## - CONTENT TYPE | |
| Content type term | text |
| Content type code | txt |
| Source | rdacontent |
| 337 ## - MEDIA TYPE | |
| Media type term | unmediated |
| Media type code | n |
| Source | rdamedia |
| 338 ## - CARRIER TYPE | |
| Carrier type term | volume |
| Carrier type code | nc |
| Source | rdacarrier |
| 906 ## - LOCAL DATA ELEMENT F, LDF (RLIN) | |
| a | 7 |
| b | cbc |
| c | orignew |
| d | 1 |
| e | ecip |
| f | 20 |
| g | y-gencatlg |
| Withdrawn status | Lost status | Source of classification or shelving scheme | Damaged status | Not for loan | Home library | Current library | Shelving location | Accession Date | Vendor | Price | Bill number | Total Checkouts | Full call number | Barcode No | Date last seen | Discount | Bill Date | Koha item type | Suggested By |
|---|---|---|---|---|---|---|---|---|---|---|---|---|---|---|---|---|---|---|---|
| Dewey Decimal Classification | IMTN | IMTN | Rack 15-B | 03/26/2025 | Raghav Books Private Limited | 5118.69 | 2374 | 387.70 PIL | 33778 | 04/01/2025 | 33 | 02/14/2025 | Books | Dr. Mantha Raghu (Head Librarian) |